[Event "DEM U10w 2024"]
[Site "Willingen GER"]
[Date "2024.05.23"]
[Round "8"]
[White "Winkler, Anni"]
[Black "Sriram, Yashasri"]
[Result "1-0"]
[Termination "normal"]
[Board "8"]
[WhiteElo "1426"]
[BlackElo "1576"]
[WhiteClock "00:22:10"]
[BlackClock "01:07:23"]
[PlyCount "103"]
[WhiteFideId "34622349"]
[BlackFideId "34656243"]
[EventCountry "GER"]
[EventRounds "11"]
[EventType "swiss"]
[EventDate "2024.05.18"]

1. e4 {[%clk 01:14:42]} {[%emt 00:01:17]} e6 {[%clk 01:15:32]} {[%emt
00:00:28]} 2. d4 {[%clk 01:13:34]} {[%emt 00:01:38]} d5 {[%clk 01:15:41]}
{[%emt 00:00:21]} 3. exd5 {[%clk 01:12:20]} {[%emt 00:01:44]} exd5 {[%clk
01:16:01]} {[%emt 00:00:10]} 4. Nf3 {[%clk 01:09:43]} {[%emt 00:03:07]} Bd6
{[%clk 01:15:39]} {[%emt 00:00:52]} 5. Bd3 {[%clk 01:09:10]} {[%emt 00:01:03]}
Ne7 {[%clk 01:15:47]} {[%emt 00:00:22]} 6. O-O {[%clk 01:07:59]} {[%emt
00:01:41]} Bg4 {[%clk 01:15:53]} {[%emt 00:00:24]} 7. Bg5 {[%clk 01:04:32]}
{[%emt 00:03:58]} f6 {[%clk 01:15:42]} {[%emt 00:00:40]} 8. Bh4 {[%clk
01:01:49]} {[%emt 00:03:13]} Nbc6 {[%clk 01:14:19]} {[%emt 00:01:53]} 9. c3
{[%clk 01:01:24]} {[%emt 00:00:56]} O-O {[%clk 01:12:15]} {[%emt 00:02:34]} 10.
Nbd2 {[%clk 01:00:54]} {[%emt 00:01:01]} Qd7 {[%clk 01:11:11]} {[%emt
00:01:34]} 11. Qc2 {[%clk 01:00:49]} {[%emt 00:00:35]} Bf5 {[%clk 01:08:29]}
{[%emt 00:03:11]} 12. Rae1 {[%clk 00:58:20]} {[%emt 00:02:59]} Bxd3 {[%clk
01:07:41]} {[%emt 00:01:19]} 13. Qxd3 {[%clk 00:56:31]} {[%emt 00:02:18]} Rfe8
{[%clk 01:07:25]} {[%emt 00:00:45]} 14. Re2 {[%clk 00:48:49]} {[%emt 00:08:12]}
Ng6 {[%clk 01:06:25]} {[%emt 00:01:31]} 15. Bg3 {[%clk 00:36:30]} {[%emt
00:12:49]} Rxe2 {[%clk 01:03:25]} {[%emt 00:03:30]} 16. Qxe2 {[%clk 00:36:41]}
{[%emt 00:00:18]} Re8 {[%clk 01:03:41]} {[%emt 00:00:14]} 17. Qd1 {[%clk
00:36:43]} {[%emt 00:00:29]} Nf4 {[%clk 01:02:59]} {[%emt 00:01:12]} 18. Re1
{[%clk 00:35:47]} {[%emt 00:01:25]} Nd3 {[%clk 01:02:08]} {[%emt 00:01:21]} 19.
Rxe8+ {[%clk 00:32:57]} {[%emt 00:03:20]} Qxe8 {[%clk 01:02:28]} {[%emt
00:00:11]} 20. Bxd6 {[%emt 00:00:10]} cxd6 {[%clk 01:02:39]} {[%emt 00:00:17]}
21. Qb3 {[%clk 00:33:21]} {[%emt 00:00:28]} Ne1 {[%clk 01:00:49]} {[%emt
00:02:20]} 22. Qxd5+ {[%clk 00:32:55]} {[%emt 00:00:57]} Kh8 {[%clk 01:00:46]}
{[%emt 00:00:33]} 23. Qxd6 {[%clk 00:32:59]} {[%emt 00:00:25]} Nxf3+ {[%clk
01:01:04]} {[%emt 00:00:12]} 24. Nxf3 {[%clk 00:33:14]} {[%emt 00:00:15]} h6
{[%clk 01:01:01]} {[%emt 00:00:34]} 25. h3 {[%clk 00:33:11]} {[%emt 00:00:32]}
Qe7 {[%clk 01:01:13]} {[%emt 00:00:17]} 26. Qd5 {[%clk 00:29:26]} {[%emt
00:04:07]} Qe2 {[%clk 01:00:57]} {[%emt 00:00:55]} 27. Qb3 {[%clk 00:28:49]}
{[%emt 00:01:07]} Qe7 {[%clk 01:00:57]} {[%emt 00:00:29]} 28. Qb5 {[%clk
00:26:19]} {[%emt 00:02:54]} a6 {[%clk 01:01:13]} {[%emt 00:00:21]} 29. Qf5
{[%clk 00:26:21]} {[%emt 00:00:15]} Qf7 {[%clk 01:01:15]} {[%emt 00:00:41]} 30.
b3 {[%clk 00:21:29]} {[%emt 00:05:23]} g6 {[%clk 01:01:29]} {[%emt 00:00:15]}
31. Qd3 {[%clk 00:19:37]} {[%emt 00:02:22]} g5 {[%clk 01:01:21]} {[%emt
00:00:38]} 32. d5 {[%clk 00:19:13]} {[%emt 00:00:51]} Ne5 {[%clk 01:01:35]}
{[%emt 00:00:19]} 33. Nxe5 {[%clk 00:19:34]} {[%emt 00:00:09]} fxe5 {[%clk
01:01:58]} {[%emt 00:00:07]} 34. d6 {[%clk 00:19:13]} {[%emt 00:00:51]} Qd7
{[%clk 01:02:14]} {[%emt 00:00:13]} 35. f3 {[%clk 00:18:53]} {[%emt 00:00:51]}
Kg8 {[%clk 01:02:32]} {[%emt 00:00:12]} 36. Qd5+ {[%clk 00:19:09]} {[%emt
00:00:14]} Kf8 {[%clk 01:02:51]} {[%emt 00:00:10]} 37. Qxe5 {[%clk 00:19:26]}
{[%emt 00:00:13]} Kf7 {[%clk 01:03:09]} {[%emt 00:00:12]} 38. c4 {[%clk
00:19:21]} {[%emt 00:00:36]} Qe6 {[%clk 01:03:27]} {[%emt 00:00:12]} 39. Qxe6+
{[%emt 00:00:08]} Kxe6 {[%clk 01:03:47]} {[%emt 00:00:08]} 40. c5 {[%clk
00:20:04]} {[%emt 00:00:11]} h5 {[%clk 01:04:11]} {[%emt 00:00:05]} 41. b4
{[%clk 00:20:12]} {[%emt 00:00:23]} h4 {[%clk 01:04:32]} {[%emt 00:00:09]} 42.
a4 {[%clk 00:20:14]} {[%emt 00:00:28]} Kd7 {[%clk 01:04:58]} {[%emt 00:00:04]}
43. Kf2 {[%clk 00:20:00]} {[%emt 00:00:44]} b5 {[%clk 01:05:20]} {[%emt
00:00:09]} 44. axb5 {[%clk 00:20:25]} {[%emt 00:00:05]} axb5 {[%clk 01:05:42]}
{[%emt 00:00:08]} 45. Ke3 {[%clk 00:20:43]} {[%emt 00:00:12]} Ke6 {[%clk
01:05:54]} {[%emt 00:00:18]} 46. Kd4 {[%clk 00:20:54]} {[%emt 00:00:19]} Kd7
{[%clk 01:05:57]} {[%emt 00:00:27]} 47. Kd5 {[%clk 00:21:08]} {[%emt 00:00:16]}
Kd8 {[%clk 01:06:11]} {[%emt 00:00:16]} 48. Kc6 {[%clk 00:21:17]} {[%emt
00:00:21]} g4 {[%clk 01:06:36]} {[%emt 00:00:05]} 49. fxg4 {[%clk 00:21:36]}
{[%emt 00:00:12]} Kc8 {[%clk 01:06:49]} {[%emt 00:00:16]} 50. Kxb5 {[%clk
00:22:00]} {[%emt 00:00:06]} Kd7 {[%clk 01:07:14]} {[%emt 00:00:05]} 51. Kb6
{[%clk 00:21:49]} {[%emt 00:00:41]} Kc8 {[%clk 01:07:23]} {[%emt 00:00:19]} 52.
Kc6 {[%clk 00:22:10]} {[%emt 00:00:10]} 1-0

[Event "DEM U10w 2024"]
[Site "Willingen GER"]
[Date "2024.05.23"]
[Round "8"]
[White "Subocz, Emma"]
[Black "Preißler, Enie"]
[Result "1-0"]
[Termination "normal"]
[Board "9"]
[WhiteElo "1028"]
[BlackElo "1019"]
[WhiteClock "00:48:21"]
[BlackClock "00:07:55"]
[PlyCount "95"]
[WhiteFideId "41805666"]
[EventCountry "GER"]
[EventRounds "11"]
[EventType "swiss"]
[EventDate "2024.05.18"]

1. e4 {[%clk 01:15:59]} c5 {[%clk 01:15:48]} {[%emt 00:00:12]} 2. Nf3 {[%clk
01:16:21]} {[%emt 00:00:07]} Nc6 {[%clk 01:15:44]} {[%emt 00:00:34]} 3. d4
{[%clk 01:16:42]} {[%emt 00:00:10]} cxd4 {[%clk 01:14:40]} {[%emt 00:01:34]} 4.
Nxd4 {[%clk 01:17:04]} {[%emt 00:00:08]} d6 {[%clk 01:14:07]} {[%emt 00:01:03]}
5. Nc3 {[%clk 01:17:22]} {[%emt 00:00:12]} Nf6 {[%clk 01:13:17]} {[%emt
00:01:20]} 6. Bc4 {[%clk 01:16:05]} {[%emt 00:01:47]} e6 {[%clk 01:10:10]}
{[%emt 00:03:37]} 7. O-O {[%clk 01:13:14]} {[%emt 00:03:21]} Be7 {[%clk
01:07:51]} {[%emt 00:02:49]} 8. Be3 {[%clk 01:11:01]} {[%emt 00:02:43]} a6
{[%clk 01:06:40]} {[%emt 00:01:42]} 9. a4 {[%clk 01:09:55]} {[%emt 00:01:36]}
O-O {[%clk 01:05:54]} {[%emt 00:01:16]} 10. Qd2 {[%clk 01:09:13]} {[%emt
00:01:11]} d5 {[%clk 01:02:10]} {[%emt 00:04:14]} 11. exd5 {[%clk 01:08:37]}
{[%emt 00:01:06]} exd5 {[%clk 01:02:19]} {[%emt 00:00:21]} 12. Bb3 {[%clk
01:07:26]} {[%emt 00:01:40]} Be6 {[%clk 01:00:16]} {[%emt 00:02:34]} 13. f4
{[%clk 01:01:57]} {[%emt 00:05:59]} Ne4 {[%clk 00:56:46]} {[%emt 00:03:59]} 14.
Nxe4 {[%clk 01:00:10]} {[%emt 00:02:18]} dxe4 {[%clk 00:55:43]} {[%emt
00:01:31]} 15. Bxe6 {[%clk 00:56:43]} {[%emt 00:03:59]} Nxd4 {[%clk 00:54:44]}
{[%emt 00:01:28]} 16. Bxf7+ {[%clk 00:56:45]} {[%emt 00:00:29]} Rxf7 {[%clk
00:54:26]} {[%emt 00:00:48]} 17. Qxd4 {[%clk 00:56:15]} {[%emt 00:01:00]} Qxd4
{[%clk 00:54:15]} {[%emt 00:00:40]} 18. Bxd4 {[%clk 00:56:36]} {[%emt
00:00:09]} Bd6 {[%clk 00:54:07]} {[%emt 00:00:38]} 19. Be5 {[%clk 00:56:37]}
{[%emt 00:00:30]} Bxe5 {[%clk 00:51:44]} {[%emt 00:02:53]} 20. fxe5 {[%clk
00:56:55]} {[%emt 00:00:11]} Re8 {[%clk 00:51:41]} {[%emt 00:00:33]} 21. Rxf7
{[%clk 00:55:28]} {[%emt 00:01:58]} Kxf7 {[%clk 00:52:02]} {[%emt 00:00:09]}
22. Rd1 {[%clk 00:55:45]} {[%emt 00:00:13]} Rxe5 {[%clk 00:51:26]} {[%emt
00:01:06]} 23. Rd7+ {[%clk 00:56:08]} {[%emt 00:00:08]} Re7 {[%clk 00:47:22]}
{[%emt 00:04:34]} 24. Rd4 {[%clk 00:54:41]} {[%emt 00:01:57]} Kf6 {[%clk
00:47:09]} {[%emt 00:00:43]} 25. Kf2 {[%clk 00:54:27]} {[%emt 00:00:44]} Kf5
{[%clk 00:46:21]} {[%emt 00:01:19]} 26. Rd5+ {[%clk 00:53:27]} {[%emt
00:01:29]} Re5 {[%clk 00:45:33]} {[%emt 00:01:19]} 27. Rd7 {[%clk 00:52:52]}
{[%emt 00:01:04]} e3+ {[%clk 00:45:08]} {[%emt 00:00:55]} 28. Ke2 {[%clk
00:52:40]} {[%emt 00:00:41]} g5 {[%clk 00:45:22]} {[%emt 00:00:17]} 29. Rxh7
{[%clk 00:52:25]} {[%emt 00:00:46]} b5 {[%clk 00:34:14]} {[%emt 00:11:38]} 30.
Ra7 {[%clk 00:51:33]} {[%emt 00:01:20]} g4 {[%clk 00:29:43]} {[%emt 00:05:02]}
31. g3 {[%clk 00:50:54]} {[%emt 00:01:09]} bxa4 {[%clk 00:27:37]} {[%emt
00:02:37]} 32. Rxa6 {[%clk 00:51:14]} {[%emt 00:00:11]} Re4 {[%clk 00:26:59]}
{[%emt 00:01:07]} 33. b3 {[%clk 00:50:24]} {[%emt 00:01:20]} axb3 {[%clk
00:26:30]} {[%emt 00:01:00]} 34. cxb3 {[%clk 00:50:42]} {[%emt 00:00:11]} Ke5
{[%clk 00:25:56]} {[%emt 00:01:04]} 35. Ra5+ {[%clk 00:49:40]} {[%emt
00:01:32]} Kd4 {[%clk 00:19:57]} {[%emt 00:06:29]} 36. b4 {[%clk 00:45:43]}
{[%emt 00:04:27]} Re5 {[%clk 00:16:50]} {[%emt 00:03:36]} 37. Rxe5 {[%clk
00:45:33]} {[%emt 00:00:41]} Kxe5 {[%clk 00:16:35]} {[%emt 00:00:45]} 38. Kxe3
{[%clk 00:45:50]} {[%emt 00:00:13]} Kd5 {[%clk 00:15:36]} {[%emt 00:01:29]} 39.
Kf4 {[%clk 00:46:11]} {[%emt 00:00:10]} Kc4 {[%clk 00:13:41]} {[%emt 00:02:26]}
40. Kxg4 {[%clk 00:46:30]} {[%emt 00:00:11]} Kxb4 {[%clk 00:13:14]} {[%emt
00:00:57]} 41. h4 {[%clk 00:46:52]} {[%emt 00:00:08]} Kc5 {[%clk 00:12:37]}
{[%emt 00:01:03]} 42. h5 {[%clk 00:47:08]} {[%emt 00:00:17]} Kd4 {[%clk
00:11:33]} {[%emt 00:01:34]} 43. h6 {[%clk 00:47:31]} {[%emt 00:00:07]} Ke3
{[%clk 00:11:46]} {[%emt 00:00:17]} 44. h7 {[%clk 00:47:56]} {[%emt 00:00:06]}
Kf2 {[%clk 00:11:35]} {[%emt 00:00:38]} 45. h8=Q {[%clk 00:48:12]} {[%emt
00:00:15]} Kg2 {[%clk 00:11:35]} {[%emt 00:00:30]} 46. Qb2+ {[%clk 00:47:31]}
{[%emt 00:01:10]} Kh1 {[%clk 00:11:03]} {[%emt 00:00:49]} 47. Kf3 {[%clk
00:47:53]} {[%emt 00:00:23]} Kg1 {[%clk 00:07:55]} {[%emt 00:03:37]} 48. Qg2#
{[%clk 00:48:21]} {[%emt 00:00:02]} 1-0

[Event "DEM U10w 2024"]
[Site "Willingen GER"]
[Date "2024.05.23"]
[Round "8"]
[White "Vignesh, Sara"]
[Black "Tadic, Lena"]
[Result "1-0"]
[Termination "normal"]
[Board "10"]
[WhiteElo "1136"]
[BlackElo "980"]
[WhiteClock "00:41:47"]
[BlackClock "00:52:07"]
[PlyCount "175"]
[WhiteFideId "34674756"]
[BlackFideId "34687300"]
[EventCountry "GER"]
[EventRounds "11"]
[EventType "swiss"]
[EventDate "2024.05.18"]

1. d4 {[%clk 01:15:59]} Nf6 {[%clk 01:15:37]} {[%emt 00:00:23]} 2. c4 {[%clk
01:16:23]} {[%emt 00:00:06]} g6 {[%clk 01:15:41]} {[%emt 00:00:26]} 3. Nc3
{[%clk 01:16:42]} {[%emt 00:00:12]} Bg7 {[%clk 01:15:51]} {[%emt 00:00:19]} 4.
e4 {[%clk 01:17:00]} {[%emt 00:00:13]} d6 {[%clk 01:16:08]} {[%emt 00:00:13]}
5. h3 {[%clk 01:17:22]} {[%emt 00:00:07]} O-O {[%clk 01:16:12]} {[%emt
00:00:26]} 6. Bg5 {[%clk 01:17:45]} {[%emt 00:00:07]} h6 {[%clk 01:16:01]}
{[%emt 00:00:41]} 7. Be3 {[%clk 01:17:52]} {[%emt 00:00:24]} e5 {[%clk
01:15:52]} {[%emt 00:00:39]} 8. d5 {[%clk 01:17:21]} {[%emt 00:01:01]} c6
{[%clk 01:15:33]} {[%emt 00:00:49]} 9. Be2 {[%clk 01:15:23]} {[%emt 00:02:28]}
Bd7 {[%clk 01:14:58]} {[%emt 00:01:06]} 10. Nf3 {[%clk 01:14:26]} {[%emt
00:01:25]} cxd5 {[%clk 01:14:24]} {[%emt 00:01:04]} 11. cxd5 {[%clk 01:14:06]}
{[%emt 00:00:51]} Qa5 {[%clk 01:13:49]} {[%emt 00:01:03]} 12. O-O {[%clk
01:11:39]} {[%emt 00:02:58]} Qc7 {[%clk 01:13:12]} {[%emt 00:01:07]} 13. Rc1
{[%clk 01:09:33]} {[%emt 00:02:35]} Qd8 {[%clk 01:12:55]} {[%emt 00:00:48]} 14.
Qd2 {[%clk 01:07:06]} {[%emt 00:02:53]} Kh7 {[%clk 01:12:38]} {[%emt 00:00:51]}
15. Qc2 {[%clk 01:05:12]} {[%emt 00:02:23]} Qc8 {[%clk 01:12:10]} {[%emt
00:00:59]} 16. Nd2 {[%clk 01:02:54]} {[%emt 00:02:48]} Ne8 {[%clk 01:11:34]}
{[%emt 00:01:06]} 17. Bb5 {[%emt 00:02:28]} f5 {[%clk 01:11:29]} 18. Bxd7
{[%clk 01:00:21]} {[%emt 00:01:40]} Nxd7 {[%clk 01:11:47]} {[%emt 00:00:12]}
19. f3 {[%clk 00:57:55]} {[%emt 00:02:57]} f4 {[%clk 01:11:37]} {[%emt
00:00:40]} 20. Bf2 {[%clk 00:57:46]} {[%emt 00:00:38]} a6 {[%clk 01:10:56]}
{[%emt 00:01:12]} 21. Qb3 {[%clk 00:55:58]} {[%emt 00:02:19]} h5 {[%clk
01:10:17]} {[%emt 00:01:08]} 22. Na4 {[%clk 00:54:17]} {[%emt 00:02:10]} Qb8
{[%clk 01:08:41]} {[%emt 00:02:07]} 23. Rc2 {[%clk 00:52:26]} {[%emt 00:02:20]}
b5 {[%clk 01:08:16]} {[%emt 00:00:56]} 24. Nc3 {[%clk 00:50:43]} {[%emt
00:02:11]} Nc7 {[%clk 01:05:08]} {[%emt 00:03:39]} 25. a3 {[%clk 00:49:07]}
{[%emt 00:02:06]} a5 {[%clk 01:05:11]} {[%emt 00:00:28]} 26. Rcc1 {[%clk
00:48:08]} {[%emt 00:01:29]} b4 {[%clk 01:04:02]} {[%emt 00:01:39]} 27. axb4
{[%clk 00:47:28]} {[%emt 00:01:09]} Qxb4 {[%clk 01:04:16]} {[%emt 00:00:16]}
28. Qxb4 {[%clk 00:47:16]} {[%emt 00:00:43]} axb4 {[%clk 01:04:38]} {[%emt
00:00:08]} 29. Ncb1 {[%clk 00:47:08]} {[%emt 00:00:38]} Rfc8 {[%clk 01:04:29]}
{[%emt 00:00:38]} 30. Rc4 {[%clk 00:46:12]} {[%emt 00:01:23]} Na6 {[%clk
01:04:27]} {[%emt 00:00:36]} 31. Rfc1 {[%clk 00:45:22]} {[%emt 00:01:15]} Rxc4
{[%clk 01:03:56]} {[%emt 00:01:06]} 32. Rxc4 {[%clk 00:45:16]} {[%emt
00:00:36]} Rb8 {[%clk 01:03:21]} {[%emt 00:01:04]} 33. Rc6 {[%clk 00:44:50]}
{[%emt 00:00:50]} Nac5 {[%clk 01:02:50]} {[%emt 00:01:07]} 34. Rxd6 {[%clk
00:44:33]} {[%emt 00:00:47]} Rb7 {[%clk 01:00:45]} {[%emt 00:02:36]} 35. Rc6
{[%clk 00:43:01]} {[%emt 00:01:59]} Nd3 {[%clk 01:00:18]} {[%emt 00:00:59]} 36.
Rc2 {[%clk 00:41:57]} {[%emt 00:01:30]} b3 {[%clk 00:59:52]} {[%emt 00:01:00]}
37. Rc3 {[%clk 00:41:26]} {[%emt 00:00:53]} Nxb2 {[%clk 00:58:36]} {[%emt
00:01:54]} 38. Rxb3 {[%clk 00:41:18]} {[%emt 00:00:39]} Rxb3 {[%clk 00:58:32]}
{[%emt 00:00:33]} 39. Nxb3 {[%clk 00:41:35]} {[%emt 00:00:13]} g5 {[%clk
00:58:22]} {[%emt 00:00:41]} 40. Ba7 {[%clk 00:41:01]} {[%emt 00:01:04]} Kg6
{[%clk 00:56:43]} {[%emt 00:02:08]} 41. Kf2 {[%clk 00:40:42]} {[%emt 00:00:44]}
Bf8 {[%clk 00:56:25]} {[%emt 00:00:52]} 42. Ke2 {[%clk 00:40:18]} {[%emt
00:00:53]} Nc4 {[%clk 00:55:58]} {[%emt 00:01:00]} 43. Kd3 {[%clk 00:39:55]}
{[%emt 00:00:50]} Ncb6 {[%clk 00:56:02]} {[%emt 00:00:28]} 44. Nc3 {[%clk
00:38:41]} {[%emt 00:01:42]} Nc8 {[%clk 00:55:59]} {[%emt 00:00:34]} 45. Bf2
{[%clk 00:38:21]} {[%emt 00:00:50]} h4 {[%clk 00:55:16]} {[%emt 00:01:15]} 46.
Kc4 {[%clk 00:37:52]} {[%emt 00:00:56]} Ncb6+ {[%clk 00:54:43]} {[%emt
00:01:06]} 47. Kb5 {[%clk 00:37:52]} {[%emt 00:00:28]} Nc8 {[%clk 00:54:34]}
{[%emt 00:00:41]} 48. Kc6 {[%clk 00:37:45]} {[%emt 00:00:35]} Nf6 {[%clk
00:54:47]} {[%emt 00:00:18]} 49. Bc5 {[%clk 00:37:08]} {[%emt 00:01:07]} Bxc5
{[%clk 00:54:24]} {[%emt 00:00:54]} 50. Nxc5 {[%emt 00:00:16]} Ne7+ {[%clk
00:54:24]} {[%emt 00:00:28]} 51. Kc7 {[%clk 00:37:12]} {[%emt 00:00:36]} Kf7
{[%clk 00:54:01]} {[%emt 00:00:59]} 52. Nd7 {[%clk 00:36:20]} {[%emt 00:01:14]}
Ne8+ {[%clk 00:53:54]} {[%emt 00:00:44]} 53. Kd8 {[%clk 00:36:22]} {[%emt
00:00:25]} Ng6 {[%clk 00:53:39]} {[%emt 00:00:47]} 54. Nb5 {[%clk 00:35:12]}
{[%emt 00:01:41]} Ng7 {[%clk 00:52:43]} {[%emt 00:01:27]} 55. Nd6+ {[%clk
00:35:01]} {[%emt 00:00:40]} Kg8 {[%clk 00:52:50]} {[%emt 00:00:23]} 56. Nf6
{[%clk 00:35:03]} {[%emt 00:00:29]} Kf8 {[%clk 00:52:54]} {[%emt 00:00:26]} 57.
Nh7 {[%clk 00:35:13]} {[%emt 00:00:19]} Kg8 {[%clk 00:53:12]} {[%emt 00:00:12]}
58. Nxg5 {[%clk 00:35:28]} {[%emt 00:00:16]} Kh8 {[%clk 00:52:28]} {[%emt
00:01:13]} 59. Ne8 {[%clk 00:35:11]} {[%emt 00:00:47]} Nh5 {[%clk 00:51:53]}
{[%emt 00:01:05]} 60. Kc7 {[%clk 00:34:56]} {[%emt 00:00:46]} Kg8 {[%clk
00:51:50]} {[%emt 00:00:29]} 61. d6 {[%clk 00:34:52]} {[%emt 00:00:38]} Nf8
{[%clk 00:51:20]} {[%emt 00:00:59]} 62. d7 {[%clk 00:34:52]} {[%emt 00:00:31]}
Nxd7 {[%clk 00:51:21]} {[%emt 00:00:29]} 63. Kxd7 {[%clk 00:35:12]} {[%emt
00:00:10]} Kf8 {[%clk 00:51:23]} {[%emt 00:00:27]} 64. Nd6 {[%clk 00:35:03]}
{[%emt 00:00:40]} Kg7 {[%clk 00:51:05]} {[%emt 00:00:47]} 65. Ke6 {[%clk
00:35:01]} {[%emt 00:00:32]} Kg6 {[%clk 00:51:14]} {[%emt 00:00:21]} 66. Ndf7
{[%clk 00:35:09]} {[%emt 00:00:21]} Ng7+ {[%clk 00:50:47]} {[%emt 00:00:58]}
67. Kxe5 {[%clk 00:35:25]} {[%emt 00:00:14]} Nh5 {[%clk 00:50:43]} {[%emt
00:00:33]} 68. Kd6 {[%clk 00:35:12]} {[%emt 00:00:44]} Kg7 {[%clk 00:49:37]}
{[%emt 00:01:36]} 69. e5 {[%clk 00:34:54]} {[%emt 00:00:48]} Kf8 {[%clk
00:49:54]} {[%emt 00:00:13]} 70. Kd7 {[%clk 00:35:01]} {[%emt 00:00:23]} Ng7
{[%clk 00:49:48]} {[%emt 00:00:36]} 71. e6 {[%clk 00:34:59]} {[%emt 00:00:32]}
Nxe6 {[%clk 00:49:19]} {[%emt 00:00:59]} 72. Kxe6 {[%clk 00:35:10]} {[%emt
00:00:20]} Kg7 {[%clk 00:49:27]} {[%emt 00:00:21]} 73. Kf5 {[%clk 00:00:00]}
{[%emt 00:01:12]} Kg8 {[%clk 00:49:10]} {[%emt 00:00:55]} 74. Kxf4 {[%clk
00:37:32]} {[%emt 00:00:14]} Kg7 {[%clk 00:49:25]} {[%emt 00:00:15]} 75. Ne6+
{[%clk 00:37:42]} {[%emt 00:00:20]} Kxf7 {[%clk 00:49:42]} {[%emt 00:00:12]}
76. Kg4 {[%clk 00:38:05]} {[%emt 00:00:08]} Kxe6 {[%clk 00:50:05]} {[%emt
00:00:06]} 77. Kxh4 {[%clk 00:38:27]} {[%emt 00:00:08]} Kf6 {[%clk 00:50:07]}
{[%emt 00:00:28]} 78. f4 {[%clk 00:38:47]} {[%emt 00:00:11]} Kg6 {[%clk
00:50:25]} {[%emt 00:00:12]} 79. g4 {[%clk 00:39:11]} {[%emt 00:00:06]} Kh6
{[%clk 00:50:37]} {[%emt 00:00:18]} 80. f5 {[%clk 00:39:17]} {[%emt 00:00:24]}
Kg7 {[%clk 00:50:50]} {[%emt 00:00:15]} 81. g5 {[%clk 00:39:42]} {[%emt
00:00:06]} Kf7 {[%clk 00:50:57]} {[%emt 00:00:23]} 82. Kh5 {[%clk 00:39:48]}
{[%emt 00:00:25]} Kg8 {[%clk 00:51:12]} {[%emt 00:00:14]} 83. g6 {[%clk
00:40:02]} {[%emt 00:00:17]} Kg7 {[%clk 00:51:34]} {[%emt 00:00:08]} 84. Kg5
{[%clk 00:40:27]} {[%emt 00:00:05]} Kg8 {[%clk 00:51:24]} {[%emt 00:00:39]} 85.
f6 {[%clk 00:40:36]} {[%emt 00:00:21]} Kf8 {[%clk 00:51:42]} {[%emt 00:00:12]}
86. Kh6 {[%clk 00:41:01]} {[%emt 00:00:06]} Kg8 {[%clk 00:51:53]} {[%emt
00:00:19]} 87. g7 {[%clk 00:41:22]} {[%emt 00:00:09]} Kf7 {[%clk 00:52:07]}
{[%emt 00:00:15]} 88. Kh7 {[%clk 00:41:47]} {[%emt 00:00:06]} 1-0